Runa Islam : empty the pond to get the fish /

Saved in:
Bibliographic Details
Main Author: Islam, Runa, 1970-
Corporate Authors: Museum Moderner Kunst (Austria), White Cube (Gallery)
Other Authors: Michalka, Matthias.
Format: Book
Language:Multiple
German
English
Published: Köln : König, c2008.
Subjects:
Tags: Add Tag
No Tags, Be the first to tag this record!
LEADER 01471cam a2200349Ii 4500
001 011577458-0
005 20090604160816.0
008 080926s2008 gw a bc 000 0 mul d
016 7 |a 990195821  |2 GyFmDB 
020 |a 9783865605153 (pbk.) 
020 |a 386560515X (pbk.) 
035 0 |a ocn259253686 
040 |a OHX  |c OHX  |d YDXCP  |d BTCTA  |d CAM 
041 0 |a ger  |a eng 
072 7 |a N  |2 lcco 
090 |a N6797.I85  |b A4 2008b 
100 1 |a Islam, Runa,  |d 1970- 
245 1 0 |a Runa Islam :  |b empty the pond to get the fish /  |c [herausgegeben von = edited by Museum Moderner Kunst Stiftung Ludwig Wien, Matthias Michalka]. 
246 3 0 |a Empty the pond to get the fish 
260 |a Köln :  |b König,  |c c2008. 
300 |a 142 p. :  |b many ill. (chiefly col.) ;  |c 24 cm. 
500 |a "This catalogue has been published on the occasion of the exhibitions Empty the pond to get the fish, Museum Moderner Kunst Stiftung Ludwig Wien, 09.05.-13.07.2008 ; and Runa Islam featuring Tobias Putrih, White Cube, Hoxton Square, London, 04.09.-04.10.2008."--Colophon. 
500 |a Contains no title page, title from cover. 
500 |a Includes essays by Diedrich Diederichsen and Christian Höller. 
504 |a Includes bibliographical references. 
546 |a German and English. 
600 1 0 |a Islam, Runa,  |d 1970-  |v Exhibitions. 
700 1 |a Michalka, Matthias. 
710 2 |a Museum Moderner Kunst (Austria) 
710 2 |a White Cube (Gallery) 
988 |a 20080930 
906 |0 OCLC